The Wiley-Blackwell encyclopedia of globalization/ (Record no. 98183)

MARC details
000 -LEADER
campo de control de longitud fija 01369nam a2200373 i 4500
001 - NÚMERO DE CONTROL
campo de control MOR01000098510
003 - IDENTIFICADOR DE NÚMERO DE CONTROL
campo de control $$amxdfmo
005 - FECHA Y HORA DE LA ÚLTIMA TRANSACCIÓN
campo de control 20260331150103.0
008 - DATOS DE LONGITUD FIJA--INFORMACIÓN GENERAL
campo de control de longitud fija 140306s2012 enk g bi 000 0 spa d
020 ## - NÚMERO INTERNACIONAL ESTÁNDAR DEL LIBRO
Número Internacional Estándar del Libro 9781405188241 (encuadernado)
035 ## - NÚMERO DE CONTROL DEL SISTEMA
Número de control de sistema 140417
040 ## - FUENTE DE CATALOGACIÓN
Centro catalogador/agencia de origen mxcmmo
Lengua de catalogación spa
Centro/agencia transcriptor mxcmmo
Normas de descripción rda
041 0# - CÓDIGO DE IDIOMA
Código de lengua del texto/banda sonora o título independiente eng
082 04 - NÚMERO DE LA CLASIFICACIÓN DECIMAL DEWEY
Número de clasificación 382.1
Número de ítem WIL.b
245 04 - MENCIÓN DEL TÍTULO
Título The Wiley-Blackwell encyclopedia of globalization/
Mención de responsabilidad, etc. edited by George Ritzer
246 30 - FORMA VARIANTE DEL TITULO
Título propio/Titulo breve Encyclopedia of globalization
264 #1 - PRODUCCIÓN, PUBLICACIÓN, DISTRIBUCIÓN, FABRICACIÓN Y COPYRIGHT
Producción, publicación, distribución, fabricación y copyright Chichester, West Sussex
-- Malden, Massachusetts:
Nombre del de productor, editor, distribuidor, fabricante Wiley Blackwell,
Fecha de producción, publicación, distribución, fabricación o copyright 2012
300 ## - DESCRIPCIÓN FÍSICA
Extensión 5 volúmenes;
Dimensiones 26 cm
336 ## - TIPO DE CONTENIDO
Término de tipo de contenido texto
Código de tipo de contenido txt
Fuente rdacontent
337 ## - TIPO DE MEDIO
Nombre/término del tipo de medio sin medio
Código del tipo de medio n
Fuente rdamedia
338 ## - TIPO DE SOPORTE
Nombre/término del tipo de soporte volumen
Código del tipo de soporte nc
Fuente rdacarrier
490 0# - MENCIÓN DE SERIE
Mención de serie Wiley-Blackwell encyclopedias in social science
504 ## - NOTA DE BIBLIOGRAFÍA, ETC.
Nota de bibliografía, etc. Nota Incluye referencias bibliográficas e índice
505 0# - NOTA DE CONTENIDO CON FORMATO
Nota de contenido con formato Contenido: volumen 1. A-De -- volumen 2. De-H -- volumen 3. I-No -- volumen 4. No-T -- volumen 5. U-Z.
650 #7 - PUNTO DE ACCESO ADICIONAL DE MATERIA--TÉRMINO DE MATERIA
Término de materia o nombre geográfico como elemento de entrada Globalización
Subdivisión general Diccionarios y enciclopedias
9 (RLIN) 172670
700 1# - ENTRADA AGREGADA--NOMBRE PERSONAL
Nombre de persona Ritzer, George
Término indicativo de función/relación editor
9 (RLIN) 172671
900 ## - ELEMENTOS DE DATOS A LOCAL, LDA (RLIN)
Nombre de persona CATY
Numeración 30
Títulos y otros términos asociados al nombre 20140307
Lenguaje de la obra MOR01
-- 1200
900 ## - ELEMENTOS DE DATOS A LOCAL, LDA (RLIN)
Nombre de persona KLASY
Numeración 30
Títulos y otros términos asociados al nombre 20140314
Lenguaje de la obra MOR01
-- 0946
900 ## - ELEMENTOS DE DATOS A LOCAL, LDA (RLIN)
Nombre de persona LUIS
Numeración 02
Títulos y otros términos asociados al nombre 20140306
Lenguaje de la obra MOR01
-- 1553
900 ## - ELEMENTOS DE DATOS A LOCAL, LDA (RLIN)
Nombre de persona LUIS
Numeración 02
Títulos y otros términos asociados al nombre 20140306
Lenguaje de la obra MOR01
-- 1553
900 ## - ELEMENTOS DE DATOS A LOCAL, LDA (RLIN)
Nombre de persona VOBO
Numeración 40
Títulos y otros términos asociados al nombre 20140314
Lenguaje de la obra MOR01
-- 1201
904 ## - ELEMENTOS DE DATOS D LOCAL, LDD (RLIN)
a UPDATE
942 ## - ELEMENTOS DE ENTRADA SECUNDARIOS (KOHA)
Código de la institución [OBSOLETO] BK
901 ## - ELEMENTOS DE DATOS A LOCAL LDA (RLIN)
a batch batch
Holdings
Estatus retirado Estado de pérdida Fuente del sistema de clasificación o colocación Estado de daño No para préstamo Colección Biblioteca de origen Biblioteca actual Ubicación en estantería Fecha de adquisición Fuente de adquisición Enumeración/cronología de publicación seriada Número de inventario Total de préstamos Signatura topográfica completa Código de barras Visto por última vez Precio de reemplazo Tipo de ítem Koha
    Clasificación Decimal Dewey     Consulta Biblioteca Instituto Mora Biblioteca Instituto Mora Préstamo corto 07/03/2014   v. 1 125125   (C)/382.1 WIL.b 33068001310166 03/09/2024 03/09/2024 Libro préstamo corto
    Clasificación Decimal Dewey     Consulta Biblioteca Instituto Mora Biblioteca Instituto Mora Préstamo corto 14/03/2014   v. 2 125126   (C)/382.1 WIL.b 33068001229564 03/09/2024 03/09/2024 Libro préstamo corto
    Clasificación Decimal Dewey     Consulta Biblioteca Instituto Mora Biblioteca Instituto Mora Préstamo corto 14/03/2014   v. 3 125127   (C)/382.1 WIL.b 33068001229572 03/09/2024 03/09/2024 Libro préstamo corto
    Clasificación Decimal Dewey     Consulta Biblioteca Instituto Mora Biblioteca Instituto Mora Préstamo corto 14/03/2014   v. 4 125128   (C)/382.1 WIL.b 33068001229580 03/09/2024 03/09/2024 Libro préstamo corto
    Clasificación Decimal Dewey     Consulta Biblioteca Instituto Mora Biblioteca Instituto Mora Préstamo corto 14/03/2014   v. 5 125129   (C)/382.1 WIL.b 33068001229598 03/09/2024 03/09/2024 Libro préstamo corto